| 000 | 00496nam a2200145 4500 | ||
|---|---|---|---|
| 999 |
_c10679 _d10679 |
||
| 008 | 180914b ||||| |||| 00| 0 eng d0 | ||
| 022 | _a2094-8042 | ||
| 082 | _aDPer 370.105 M72 Jan-Dec 2011 v59-60 | ||
| 100 |
_931165 _aRomero, Marlyn C. |
||
| 245 |
_aModern - life stress survival guide/ _cMarlyn C.Romero. |
||
| 260 |
_aPhilippines: _bIn the Grade School, Inc., _cc2011. |
||
| 300 |
_av60 n4, page 152; _c27cm. |
||
| 650 | 0 |
_931166 _aStress (Psychology) _xSurvival guide. |
|
| 942 |
_2ddc _cPER |
||